| 000 | 00887nam a2200241Ia 4500 | ||
|---|---|---|---|
| 999 |
_c4136 _d4136 |
||
| 003 | OSt | ||
| 005 | 20200413110921.0 | ||
| 008 | 191128s1980 sp gr 000 0 spa d | ||
| 020 | _a8401450128 | ||
| 040 |
_aCO-JMCR _cCO-JMCR |
||
| 041 | 0 | _aspa | |
| 082 | 0 | 4 |
_a301.55 / _bT644t |
| 100 | 1 |
_aToffler, Alvin, _eautor _92903 |
|
| 245 | 1 | 3 |
_aLa tercera ola / _cAlvin Toffler ; traducción, Martín, Adolfo, |
| 260 |
_aBarcelona : _bPlaza y Janés, _c1980 |
||
| 300 |
_a635 Páginas ; _c19 cm. |
||
| 505 | _aUn entrechocar de olas -- La segunda ola -- La cuña invisible -- Infringiendo el código -- Los técnicos del poder -- El esquema oculto -- El impulso imperial -- Indusrealidad | ||
| 534 | _pThe Third Wave | ||
| 650 | 1 | 4 |
_aSociedad Historia social _92904 |
| 650 | 2 | 4 |
_aCambio social Estructura social _92905 |
| 700 | 1 |
_aMartín, Adolfo, _etraductor _92906 |
|
| 942 |
_2ddc _cBK |
||